Sports Quiz

Random Sports Quiz
Score 0/23 Timer 06:00
0 Plays Today
Position Answer % Correct
GoalkeepersGianluigi Buffon
99.5%
MidfieldersAndrea Pirlo
95%
ForwardsFrancesco Totti
95%
MidfieldersDaniele de Rossi
91%
ForwardsAlessandro del Piero
90.5%
DefendersFabio Cannavaro
90.1%
MidfieldersGennaro Gattuso
90.1%
DefendersAlessandro Nesta
89.6%
DefendersMarco Materazzi
88.7%
ForwardsFilippo Inzaghi
88.3%
DefendersFabio Grosso
86.9%
ForwardsLuca Toni
86.5%
Position Answer % Correct
DefendersGianluca Zambrotta
82%
ForwardsAlberto Gilardino
75.7%
DefendersAndrea Barzagli
68.9%
MidfieldersMauro Camoranesi
68.5%
ForwardsVincenzo Iaquinta
62.6%
MidfieldersSimone Perrotta
57.7%
GoalkeepersAngelo Peruzzi
54.5%
DefendersCristian Zaccardo
54.1%
GoalkeepersMarco Amelia
48.2%
DefendersMassimo Oddo
46.4%
MidfieldersSimone Barone
35.6%
Remove Ads.
Support Sporcle.
Get the best of Sporcle when you Go Orange. This ad-free experience offers more features, more stats, and more fun while also helping to support Sporcle. Thank you for becoming a member.

You're not logged in!

Compare scores with friends on all Sporcle quizzes.
OR
Log In

Show Comments

Extras

Created Sep 25, 2013ReportNominate
Tags:2006, club, Italy, Squad

Top Quizzes Today


Score Distribution

Your Account Isn't Verified!

In order to create a playlist on Sporcle, you need to verify the email address you used during registration. Go to your Sporcle Settings to finish the process.

Report this User

Report this user for behavior that violates our Community Guidelines.

Details: